Kontrola procesu výroby v automatizovanej strojárskej výrobe.

Salvato in:
Dettagli Bibliografici
Autore principale: Grejták, Jakub (Autore)
Altri autori: Bachratý, Michal (Relatore della tesi)
Natura: Manoscritto Libro
Lingua:slovacco
Pubblicazione: 2016
Soggetti:
Accesso online:http://is.stuba.sk/zp/portal_zp.pl?podrobnosti=133198
Tags: Aggiungi Tag
Nessun Tag, puoi essere il primo ad aggiungerne!!

MARC

LEADER 00000ntm a22000003a 4500
001 stuzp59551
003 SK-STU
005 20160719155847.9
007 ta
008 150427s2015----xo-----f-mn---000-0-slo-d
040 |a STU  |b slo 
041 0 |a slo 
100 1 |a Grejták, Jakub  |u 020070  |4 aut  |U SjF Strojnícka fakulta  |T SjF Ústav výrobných systémov, enviromentálnej techniky a manažment kvality  |X 49284  |U J0070  |Y 804  |7 49284 
242 0 1 |a Kontrola procesu výroby v automatizovanej strojárskej výrobe.  |y eng 
245 1 0 |a Kontrola procesu výroby v automatizovanej strojárskej výrobe. 
260 |c 2016 
650 4 |a automatizácia,  |2 slo 
650 4 |a manipulátor výmeny paliet  |2 slo 
650 4 |a systémy automatickej výmeny obrobkov  |2 slo 
650 4 |a systémy automatickej výmene nástrojov  |2 slo 
650 4 |a obrábacie centrá  |2 slo 
650 4 |a dopravný systém paliet  |2 slo 
650 4 |a automatization  |2 eng 
650 4 |a manipulator of changing pallet  |2 eng 
650 4 |a shipping systems  |2 eng 
650 4 |a system of automatic workpiece change  |2 eng 
650 4 |a automatic exchange tool systems in machining centers  |2 eng 
650 4 |a machining center  |2 eng 
700 1 |a Bachratý, Michal  |u 020070  |k Z1  |4 ths  |U SjF Strojnícka fakulta  |T SjF Ústav výrobných systémov, enviromentálnej techniky a manažment kvality  |X 2443  |U J0070  |Y 804  |7 A000002443 
856 4 |u http://is.stuba.sk/zp/portal_zp.pl?podrobnosti=133198 
996 |b 284J043967  |c J* 2257/BP  |l JJSK  |s A  |a 24  |w stuzp59551_0001 
SQL |a stuzp59551  |b DBP  |c SLO  |d Kontrola procesu výroby v automatizovanej strojárskej výrobe.  |e 49284  |f Grejták, Jakub  |g 020070  |h 2443  |i Bachratý, Michal  |j 20160614  |k 1127  |l 02  |m http://is.stuba.sk/zp/portal_zp.pl?podrobnosti=133198  |n B-EVT  |o 5.2.50. výrobná technika